000 00682nam a2200229 a 4500
999 _c6346
_d6346
001 6346
003 BD-JhCC
005 20180127093910.0
008 180121s19421982b |||| || | 000 0 b d
035 _a(BD-JhCC)6346
040 _aBD-JhCC
_dBD-JhCC
041 _aBen
082 _a297.63
_bMOS 1982
100 _aমোস্তফা, গোলাম
245 _aবিশ্বনবী /
_cগোলাম মোস্তফা,
260 _aঢাকা :
_bআহমদ পাবলিশিং হাউস,
_c1982.
300 _a587 p. :
_c22 cm.
504 _aIncludes index and bibliography
650 _aHazrat Muhmmad (SM)
942 _2ddc
_cBK